Amici scrittori : quarant'anni di incontri e scoperte con gli autori americani /

সংরক্ষণ করুন:
গ্রন্থ-পঞ্জীর বিবরন
প্রধান লেখক: Pivano, Fernanda (লেখক)
বিন্যাস: গ্রন্থ
ভাষা:ইতালিয়
প্রকাশিত: Milano : Mondadori, 1995
সংস্করন:3. ed
মালা:Ingrandimenti
ট্যাগগুলো: ট্যাগ যুক্ত করুন
কোনো ট্যাগ নেই, প্রথমজন হিসাবে ট্যাগ করুন!

MARC

LEADER 00000nam a22000007i 4500
001 IT\ICCU\UBO\2182572
003 ItRI
005 20260115231847.0
008 030508s1995 it |||||| ||||| |||||c
020 |a 8804384522 
040 |b ita  |c importazione bologna sebina 
041 7 |a ita  |2 ISO-639-2 
100 1 |a Pivano, Fernanda  |0 IT\ICCU\CFIV\037838  |4 aut 
245 1 0 |a Amici scrittori :  |b quarant'anni di incontri e scoperte con gli autori americani /  |c Fernanda Pivano. 
250 |a 3. ed 
260 |a Milano :  |b Mondadori,  |c 1995 
300 |a 326 p., [16] c. di tav. :  |b ill. ;  |c 23 cm. 
830 0 |a Ingrandimenti  |0 IT\ICCU\CFI\0003306 
942 |2 ddc  |c BK  |n 0 
952 |0 0  |1 0  |4 0  |6 DOC_814_000000000000000_PIV  |7 0  |9 14492  |a BO  |b BO  |d 2026-01-15  |i 3428  |l 0  |o DOC 814 PIV  |p BO3428  |r 2026-01-15 23:18:47  |w 2026-01-15  |x [Sebina 5] [1 v.]  |y BK  |z 1 v. 
999 |c 12503  |d 12503